| 000 | 00733nam a2200217 i 4500 | ||
|---|---|---|---|
| 001 | 9530 | ||
| 003 | ES-MaACL | ||
| 005 | 20250717063018.0 | ||
| 007 | t| | ||
| 008 | 931007s1993 sp ||||1| spa d | ||
| 080 | _a342.727(46)(09) | ||
| 100 | 1 |
_aPascual, Pedro, _d1934- _989365 |
|
| 245 | 1 | 3 |
_aLa Libertad de expresión, un bien escaso _b: (notas para su historia) / _cPedro Pascual. |
| 260 |
_a[S.l. : _bs.n.], _c1993. |
||
| 300 |
_a268 p. ; _c30 cm. |
||
| 500 | _aBibliogr.: p. 208-268. | ||
| 650 | 1 | 4 |
_aLibertad de expresión- _zEspaña. _914406 |
| 852 |
_aES-MaACL _jL-16993 _bR.121808 _q. - Ded. autógr. del autor |
||
| 852 |
_aES-MaACL _jL-16992 _bR.121809 _q. - Ded. autógr. del autor |
||
| 999 |
_c9530 _d9530 |
||